000 01310nam a2200361 i 4500
001 25506
003 KOSZ 005
005 20220201084607.0
008 070608s1971 pl a f 000 0 pol
015 _aPB 1972/287
035 _a(OCoLC)830838488
040 _aWA N
_cWA N
_dKOSZ 005/KK
080 _a621.396/.397(03)
100 1 _aBrodowski, Aleksy.
_eAutor.
245 1 0 _aRadio i telewizja /
_cAleksy Brodowski, Jerzy Chabłowski, Jerzy Auerbach.
260 _aWarszawa :
_bWydawnictwa Naukowo-Techniczne,
_c1972.
300 _aVII, [1] 468, [3] stron :
_bilustracje ;
_c18 cm.
336 _2rdacontent
_aTekst
_btxt
337 _2rdamedia
_aBez urządzenia pośredniczącego
_bn
338 _2rdacarrier
_aWolumin
_bnc
380 _aKsiążki.
490 1 _aIlustrowana Encyklopedia dla Wszystkich.
658 _aInżynieria i technika
655 4 _aEncyklopedia
650 4 _aTelewizja
650 4 _aRadiofonia
700 1 _aAuerbach, Jerzy
_d(1920-2012).
700 1 _aChabłowski, Jerzy
_eAutor
710 2 _aWydawnictwa Naukowo-Techniczne
_4pbl.
856 _uhttp://koha.tu.koszalin.pl/cgi-bin/koha/opac-detail.pl?biblionumber=25506
_yKatalog online BPK
830 0 _aIlustrowana Encyklopedia dla Wszystkich
942 _2UKD
_cKS
999 _c25506
_d25506